LIBRARY & INFORMATION CENTRE, KCAET, TAVANUR

ONLINE PUBLIC ACCESS CATALOGUE (OPAC)

Normal view MARC view
  • Torczon,Linda

Entry Personal Name

Number of records used in: 1

001 - CONTROL NUMBER

  • control field: 1041

003 - CONTROL NUMBER IDENTIFIER

  • control field: OSt

005 - DATE AND TIME OF LATEST TRANSACTION

  • control field: 20160719161027.0

008 - FIXED-LENGTH DATA ELEMENTS

  • fixed length control field: 160719|| aca||aabn | a|a d

040 ## - CATALOGING SOURCE

  • Original cataloging agency: OSt
  • Transcribing agency: OSt

100 ## - HEADING--PERSONAL NAME

  • Personal name: Torczon,Linda

670 ## - SOURCE DATA FOUND

  • Source citation: Work cat.: (OSt): Cooper,Keith D. 1040, Engineering Compiler, 2008
free website counter